Zambezi River Countries - Statistics

General Stats
  • This quiz has been taken 61 times
  • The average score is 6 of 6
Answer Stats
Country % Correct
Zambia
100%
Zimbabwe
100%
Namibia
98%
Botswana
96%
Mozambique
94%
Angola
93%
No matching quizzes found
Score Distribution
Percent of People with Each Score
Percentile by Number Answered
Your Score History
You have not taken this quiz